000 01425nam a22003857a 4500
001 4471799
003 OSt
005 20260223130535.0
008 260223b |||||||| |||| 00| 0 eng d
010 _a 96031713
020 _a0716724146
_qhardcover
020 _a9780716724148
_q(hardcover)
035 _a4471799
040 _aKMU
_cKMU
_dDLCKMU
_beng
_erda
050 0 0 _aQP31.2
_b.R36 1997
100 1 _aRandall, David J.,
_d1938-
245 1 0 _aEckert animal physiology :
_bmechanisms and adaptations /
_cDavid Randall, Warren Burggren, Kathleen French ; with contributions by Russell Fernald.
246 3 0 _aAnimal physiology
250 _a4th ed.
260 _aNew York :
_bW.H. Freeman and Co.,
_cc1997.
300 _a1 v. (various pagings) :
_bill. (some col.) ;
_c29 cm.
336 _atext
_btxt
_2rdacontent
337 _aunmediated
_bn
_2rdamedia
338 _avolume
_bnc
_2rdacarrier
500 _aFirst-3rd ed. by Roger Eckert.
504 _aIncludes bibliographical references and index.
650 0 _aPhysiology.
700 1 _aBurggren, Warren W.
700 1 _aFrench, Kathleen.
700 1 _aEckert, Roger.
_tAnimal physiology
906 _a7
_bcbc
_corignew
_d1
_eocip
_f19
_gy-gencatlg
942 _2lcc
_cBK
_n0
999 _c2561
_d2561